Fistful of colour
| Main Author: | |
|---|---|
| Format: | Book |
| Published: |
Singapore :
EPB Publishers ,
1993
|
| Series: | Winner of the Singapore literature prize 1992
|
MARC
| LEADER | 00000cam a2200000 7i4500 | ||
|---|---|---|---|
| 001 | 0000005167 | ||
| 002 | 000005579 | ||
| 005 | 20000330.0 | ||
| 020 | |a 9971003376 | ||
| 090 | 0 | 0 | |a F |b LIM |
| 100 | 1 | |a Lim, Suchen Christine | |
| 245 | 1 | 0 | |a Fistful of colour |c Suchen Christine Lim |
| 260 | |a Singapore : |b EPB Publishers , |c 1993 | ||
| 300 | |a 362 p. ; |c 19 cm. | ||
| 490 | 0 | |a Winner of the Singapore literature prize 1992 | |
| 999 | |a 031195 |b BUKU |c PINJAMAN |e PERPUSTAKAAN KOMUNITI PETALING JAYA | ||
| 999 | |a 031196 |b BUKU |c PINJAMAN |e PERPUSTAKAAN KOMUNITI PETALING JAYA | ||